Les sports les plus suivis par les Français - Statistiques

Statistiques générales
  • Ce quiz a été pris 525 fois
    439 depuis la dernière actualisation
  • Le résultat moyen est 10 sur 20
Statistiques - réponses
Rang % des Français Sport % Correct
1 72 Football
100%
4 29 Basket
92%
3 33 Rugby
91%
2 36 Tennis
91%
7 20 Handball
84%
10 11 Natation
75%
6 24 Athlétisme
69%
11 10 Volley-Ball
69%
5 28 Cyclisme
60%
16 5 Golf
49%
8 16 Boxe
47%
14 6 (3 mots) Tennis de table
47%
14 6 Baseball
33%
12 9 (2 mots) Football américain
32%
13 8 Gymnastique
30%
16 4 (3 mots) Hockey sur glace
30%
17 2 Cricket
21%
17 2 (3 mots) Hockey sur gazon
16%
11 10 (2 mots) Arts martiaux
4%
9 15 (2 mots) Sports mécaniques
2%
Aucun quiz correspondant
Distribution des résultats
% des personnes avec chaque résultat
Percentile par nombre de réponses
Votre historique - résultats
Vous n’avez pas pris ce quiz depuis la dernière actualisation